Sustainable real exchange rates in the new EU member states: what did the great recession change?
Vplyv finančnej krízy na rovnovážne reálne výmenné kurzy nových členských štátov Európskej únie.
Gespeichert in:
| 1. Verfasser: | |
|---|---|
| Weitere Verfasser: | , |
| Format: | Buchkapitel |
| Sprache: | Englisch |
| Schlagworte: | |
| Tags: |
Keine Tags, Fügen Sie das erste Tag hinzu!
|
MARC
| LEADER | 00000naa a2200000 4500 | ||
|---|---|---|---|
| 001 | 0157208 | ||
| 005 | 20231010120100.5 | ||
| 041 | 0 | |a eng | |
| 044 | |a CZ | ||
| 245 | 1 | 0 | |a Sustainable real exchange rates in the new EU member states: what did the great recession change? |c Jan Babecký, Aleš Bulíř, Kateřina Šmídková |
| 520 | |a Vplyv finančnej krízy na rovnovážne reálne výmenné kurzy nových členských štátov Európskej únie. | ||
| 610 | 2 | 0 | |a investície priame zahraničné |
| 610 | 2 | 0 | |a kurz výmenný |
| 610 | 2 | 0 | |a recesia |
| 610 | 2 | 0 | |a Európska únia |
| 610 | 2 | 0 | |a kríza finančná |
| 100 | 1 | |a Babecký, Jan | |
| 700 | 1 | |a Bulíř, Aleš | |
| 700 | 1 | |a Šmídková, Kateřina | |